000 00733cam a22001934a 4500
005 20250605164346.0
008 250528s ||||||||||||||||||||||||d
035 _a23886
040 _aGR-AtMCL
_bgre
_dGR-AtMCL
_eAACR2
245 1 _aThe Deadly Sins / Christian Jarrett Examines Why We are Bad and How to be Good, and Introduces a Special 'Sin Week' on the Research Digest Blog
260 _c2011
300 _a75
520 _aCareers Concepts in the 21st Century, From Brain Scan to Lesson Plan, Asperger's Syndrome - Difference or Disorder?, Psychology Across the Generations.
700 1 _aSutton Jon
_99351
942 _cCR
710 2 _aThe British Psychological Society
_99823
999 _c8804
_d8804